000 00505nam a2200193Ia 4500
005 20250423095613.0
008 250422s9999 xx 000 0 und d
020 _a9789814595278
050 _aTJ 260 .C46/
100 _aCengel, Yunus A.
245 0 _aHeat and mass transfer: fundamentals & applications
250 _a5th ed.
260 _aUnited state
260 _bMcGraw-Hill education
260 _c2015
300 _a944 p
650 _a Heat--Transmission. Mass transfer.
942 _cBK
999 _c30776
_d30776